000 00715nam a2200205Ia 4500
001 122192
003 212586
005 20241227062607.0
008 ||||||n9999 ||| || ||
100 _aGaitán Martínez, Diana Paola
_9146403
245 0 _aImplementación del modelo estándar de control interno MECI y el sistema de gestión de calidad en el instituto Caro y Cuervo
504 _aBibliografía: página 49.
562 _e1
650 _aINSTITUTO CARO Y CUERVO
_9146404
650 _aMODELO ESTÁNDAR DE CONTROL INTERNO-MECI
_9132609
650 0 _aNormatividad
_925298
650 0 _aSistema de Gestión de la Calidad
_9127317
650 0 _aAdministración pública
_948331
942 _cTESIS
999 _c122192
_d122192